Score 0/30 Timer 07:00
0 Plays Today
% Correct
John Lennon
93.6%
Hillary Clinton
93.2%
Matt Damon
90.1%
Katy Perry
88.8%
Mahatma Gandhi
85.6%
Vladimir Putin
85.6%
Eminem
85.1%
Bill Gates
83.8%
Margaret Thatcher
83%
Snoop Dogg
80.2%
Hugh Jackman
76.1%
Jimmy Carter
74.6%
Sting
73.9%
Gwen Stefani
67.6%
Kate Winslet
66.7%
% Correct
Luciano Pavarotti
64.6%
Julie Andrews
64.1%
John Cleese
62.1%
Dwight D. Eisenhower
58.9%
Angela Lansbury
53.5%
Johnny Carson
51.2%
Diego Maradona
42.3%
Oscar Wilde
38.2%
Matt Smith
34%
Chuck Berry
31.5%
Gabrielle Union
23.9%
Rita Wilson
21.2%
Matt Bomer
18.1%
Brie Larson
13.5%
Stacy Keibler
8.6%
Remove Ads.
Support Sporcle.
Get the best of Sporcle when you Go Orange. This ad-free experience offers more features, more stats, and more fun while also helping to support Sporcle. Thank you for becoming a member.

You're not logged in!

Compare scores with friends on all Sporcle quizzes.
OR
Log In

Show Comments

Extras

Top Quizzes Today


Score Distribution

Your Account Isn't Verified!

In order to create a playlist on Sporcle, you need to verify the email address you used during registration. Go to your Sporcle Settings to finish the process.

Report this User

Report this user for behavior that violates our Community Guidelines.

Details: